000 00334nam a22001457a 4500
008 210429b ||||| |||| 00| 0 eng d
020 _a9781256861799
041 _aeng
080 _22nd
_a311
082 _a311
100 _a55
101 _aSTA
245 _aStatistics for Business and Economics
_cPaul Newbold
942 _2udc
_cBK
999 _c56924
_d56924